000 02575cam a2200673 i 4500
001 1943
003 FISKH
005 20231020094838.0
008 160201t20152014nyuab j 000 1 eng d
010 _a 2016297158
020 _a9781408331538
020 _a9781408331538
020 _a9781480672543 (Paw Prints)
020 _a1480672548 (Paw Prints)
035 _a(OCoLC)ocn903529253
040 _aPAP
_beng
_cPAP
_erda
_dPAP
_dOCLCO
_dBTCTA
_dHBP
_dOCP
_dOCLCO
_dJTH
_dUPZ
_dJTH
_dDAD
_dOCLCF
_dEHH
_dOCL
_dOCLCO
_dYDXCP
_dBDX
_dDLC
042 _alccopycat
050 0 0 _aPZ7.M507
_bRs 2015
082 0 4 _a823.92
_223
100 1 _aMeadows, Daisy,
245 1 0 _aRoxie the baking fairy /
_cby Daisy Meadows.
264 1 _aNew York :
_bScholastic,
_c2015.
264 4 _c2014
300 _a75 pages :
_billustrations, map ;
_c20 cm.
336 _atext
_btxt
_2rdacontent
336 _astill image
_bsti
_2rdacontent
337 _aunmediated
_bn
_2rdamedia
338 _avolume
_bnc
_2rdacarrier
490 1 _aRainbow magic. The magical crafts fairies ;
_vBook 7
505 _aU
520 _aRoxie the baking fairy needs Rachel and Kirsty's help to find her missing cookie cutter in order to help keep Rainspell Island's Arts and Crafts Week on schedule.
521 2 _a830
_bLexile
521 2 _aU
_bRaz-Plus
650 0 _aTate, Kirsty (Fictitious character)
_vJuvenile fiction.
650 0 _aWalker, Rachel (Fictitious character)
_vJuvenile fiction.
650 0 _aFairies
_vJuvenile fiction.
650 0 _aTwins
_vJuvenile fiction.
650 0 _aMagic
_vJuvenile fiction.
650 0 _aBaking
_vJuvenile fiction.
650 1 _aTate, Kirsty (Fictitious character)
_vFiction.
650 1 _aWalker, Rachel (Fictitious character)
_vFiction.
650 1 _aFairies
_vFiction.
650 1 _aTwins
_vFiction.
650 1 _aMagic
_vFiction.
650 1 _aBaking
_vFiction.
650 7 _aBaking.
_2fast
_0(OCoLC)fst00825632
650 7 _aFairies.
_2fast
_0(OCoLC)fst00919878
650 7 _aMagic.
_2fast
_0(OCoLC)fst01005468
650 7 _aTate, Kirsty (Fictitious character)
_2fast
_0(OCoLC)fst01748294
650 7 _aTwins.
_2fast
_0(OCoLC)fst01159851
650 7 _aWalker, Rachel (Fictitious character)
_2fast
_0(OCoLC)fst01748295
655 7 _aFiction.
_2fast
_0(OCoLC)fst01423787
655 7 _aJuvenile works.
_2fast
_0(OCoLC)fst01411637
710 2 _aHIT Entertainment.
800 1 _aMeadows, Daisy.
_tMagical crafts fairies ;
_vBook 7.
800 1 _aMeadows, Daisy.
_tRainbow magic.
906 _a7
_bcbc
_ccopycat
_d2
_encip
_f20
_gy-gencatlg
942 _2ddc
_cBK
_n0
999 _c1943
_d1943